| 000 | 01092cam a22001935a 4500 | ||
|---|---|---|---|
| 001 | L157028 | ||
| 008 | 120814s2012 xxk f 000 0 eng d | ||
| 035 | _a(Sirsi) u157028 | ||
| 041 | 0 | _aeng | |
| 110 | 2 |
_aUnited Kingdom _bDepartment for Environment, Food and Rural Affairs |
|
| 245 | 0 | 0 |
_aLocal authority collected waste managment statistics for England _bProvisional release of quarter three 2011/12 _h[electronic resource] |
| 260 |
_aLondon _bDEFRA _c2012 |
||
| 520 | _aProvisional results summarise waste collected and managed by local authorities in England in the 2011. The results include the fact that household recycling has increased to 42.9% up from 41.5% in the financial year from April 2010 to March 2011 and household waste generation has decreased by 0.9% between the financial year 2010/11 and the period from January to December 2011. | ||
| 590 | _aKA | ||
| 651 | 4 |
_aEngland _y886- |
|
| 690 |
_aMinerals and waste _96257 |
||
| 856 | 4 | 0 |
_uhttps://www.defra.gov.uk/statistics/files/mwb201112Q3_statsrelease.pdf _zView the item free of charge at www.defra.gov.uk |
| 942 | _n0 | ||
| 999 |
_c114550 _d114550 |
||